The Nigerian military and the state / (Record no. 24462)
[ view plain ]
| 000 -LEADER | |
|---|---|
| fixed length control field | 01061cam a22003135a 4500 |
| 001 - CONTROL NUMBER | |
| control field | 3489758 |
| 005 - DATE AND TIME OF LATEST TRANSACTION | |
| control field | 20170319101411.0 |
| 008 - FIXED-LENGTH DATA ELEMENTS--GENERAL INFORMATION | |
| fixed length control field | 941027s1997 enkb grb 001 0 eng d |
| 010 ## - LIBRARY OF CONGRESS CONTROL NUMBER | |
| LC control number | 94061506 |
| 015 ## - NATIONAL BIBLIOGRAPHY NUMBER | |
| National bibliography number | GB97-15193 |
| 020 ## - INTERNATIONAL STANDARD BOOK NUMBER | |
| International Standard Book Number | 1850438749 |
| 020 ## - INTERNATIONAL STANDARD BOOK NUMBER | |
| International Standard Book Number | 9781850438748 |
| 035 ## - SYSTEM CONTROL NUMBER | |
| System control number | (OCoLC)36658912 |
| 040 ## - CATALOGING SOURCE | |
| Original cataloging agency | OAU |
| Language of cataloging | eng |
| Transcribing agency | OAU |
| Modifying agency | Uk |
| -- | DLC |
| -- | EG-ScBUE |
| 043 ## - GEOGRAPHIC AREA CODE | |
| Geographic area code | f-nr--- |
| 082 04 - DEWEY DECIMAL CLASSIFICATION NUMBER | |
| Classification number | 320.966905 |
| Item number | PET |
| Edition number | 22 |
| 100 1# - MAIN ENTRY--PERSONAL NAME | |
| Personal name | Peters, Jimi. |
| 245 14 - TITLE STATEMENT | |
| Title | The Nigerian military and the state / |
| Statement of responsibility, etc | Jimi Peters. |
| 260 ## - PUBLICATION, DISTRIBUTION, ETC. (IMPRINT) | |
| Place of publication, distribution, etc | London ; |
| -- | New York : |
| Name of publisher, distributor, etc | Tauris Academic Studies / I. B. Tauris, |
| Date of publication, distribution, etc | 1997. |
| 300 ## - PHYSICAL DESCRIPTION | |
| Extent | xx, 263 p. : |
| Other physical details | maps ; |
| Dimensions | 24 cm. |
| 490 0# - Series Statement | |
| Series statement | International library of African studies ; |
| Volume/sequential designation | 4 |
| 500 ## - GENERAL NOTE | |
| General note | Includes index. |
| 504 ## - BIBLIOGRAPHY, ETC. NOTE | |
| Bibliography, etc | Bibliography : p. [233]-257) |
| 650 #7 - SUBJECT ADDED ENTRY--TOPICAL TERM | |
| Topical term or geographic name as entry element | Military government |
| Geographic subdivision | Nigeria |
| General subdivision | History |
| Chronological subdivision | 20th century. |
| Source of heading or term | BUEsh |
| 651 #7 - SUBJECT ADDED ENTRY--GEOGRAPHIC NAME | |
| Geographic name | Nigeria |
| General subdivision | Politics and government |
| Chronological subdivision | 1960- |
| Source of heading or term | BUEsh |
| 651 #7 - SUBJECT ADDED ENTRY--GEOGRAPHIC NAME | |
| Geographic name | Nigeria |
| General subdivision | Armed Forces |
| -- | Political activity |
| -- | History |
| Chronological subdivision | 20th century. |
| Source of heading or term | BUEsh |
| 653 ## - INDEX TERM--UNCONTROLLED | |
| Resource For college | BAEPS, Political Science |
| Arrived date list | March2017 |
| 942 ## - ADDED ENTRY ELEMENTS (KOHA) | |
| Source of classification or shelving scheme | Dewey Decimal Classification |
| Withdrawn status | Item status | Source of classification or shelving scheme | Damaged status | Not for loan | Vendor | Home library | Current library | Shelving location | Date acquired | Source of acquisition | Cost, normal purchase price | Serial Enumeration / chronology | Total Checkouts | Full call number | Barcode | Date last seen | Cost, replacement price | Koha item type |
|---|---|---|---|---|---|---|---|---|---|---|---|---|---|---|---|---|---|---|
| Dewey Decimal Classification | AUC | Central Library | Central Library | First floor | 19/03/2017 | Purchase | 150.00 | 1700 | 320.966905 PET | 000041402 | 15/07/2025 | 187.50 | Book - Borrowing |